01562nam a2200301 a 450000100060000000300090000600800410001502000150005604000280007108200180009910000870011711000790020424500670028326000410035030000190039149000400041050000230045050504140047359000490088765000170093665000310095365000270098465000400101165000270105194200120107899900170109095201530110716220CO-ViMGA141112s2004 ck r 000 u spa d a958150088X aCO-ViMGAbspacCO-ViMGA04a633.682 B177m1 aBarragán Alturo, Mary Isabel; Cadavid, Luis Fernando; López, John Mario923187 aSena - Colombia ; Centro Internacional de agricultura tropical CIAT92318810aManual de Tecnologías en la cadena Agroindustrial de la Yuca aArmenia (Quindío) : bSena, c2002 a200.p.il.fotos aSerie de paquetes de capacitación aContiene CD - ROM. aMorfología y fisiología de la planta de yuca - Variedades Establecimiento de un cultivo de yuca Nutrición de yuca y manejo de suelos de ladera Manejo de plagas , enfermedades y malezas en el cultivo de yuca Cosecha, empaque y transporte de las raices de yuca Proceso agroindustrial de la yuca : Manihot esculenta crantz Gestión empresarial en el agronegocio de la yuca Comercialización de las raices aForma de adquisición : Premio - Mincultura14aYUCA 92318914aYUCA COMO ALIMENTO92319014aYUCA - CULTIVO 94918014aYUCA - INDUSTRIA Y COMERCIO 92319114aYUCA - MERCADO 923192 2ddccBK c26132d26132 00102ddc40708002aMEVIECARbMEVIECARd2015-12-04hVolumen. 1 | 11/jun/2009l0o633.682 B177m p16220r2018-10-04 00:00:00tEj. 1w2015-12-04yBK